O ovo e a galinha (Registo nº 4612)

Detalhes MARC
000 -Etiqueta do registo
Cabeçalho 00727nam0a2200241 4500
005 - Identificador da versão
Campo de controlo 20240813122106.0
095 ## -
-- PTBN00252188
100 ## - Dados gerais de processamento
Dados gerais de processamento 20170310d1980 a y0pory5003 ba
102 ## - Pais de publicação ou produção
País de publicação Portugal
101 1# - Língua de publicação
Língua do texto, banda sonora, etc. Português
Língua do documento no original Italiano
215 ## - Descrição física 
Indicação específica da natureza do documento e extensão da espécie [35] p.
Outras indicações físicas il color
200 1# - Titulo e menção de responsabilidade
Título próprio O ovo e a galinha
Primeira menção de responsabilidade Iela Mari
Outras menções de responsabilidade [il.] Enzo Mari
210 ## - Publicação, Distribuição, etc. 
Lugar da edição, distribuição, etc. Lisboa
Nome do editor, distribuidor, etc. Sá da Costa
Data da publicação, distribuição, etc. [1980?]
Data da impressão imp. 1980
314 ## - Notas relativas a responsabilidade intelectual 
Texto da nota Iela Mari é pseudonimo de Gabriela Ferrario
606 ## - Nome comum usado como assunto
Número de registo de entrada de autoridade 0001426
Palavra de ordem Literatura italiana
Subdivisão de assunto Conto
Código do sistema CA
675 ## - Classificação Decimal Universal (CDU)
Notação 821.131.1-34
Edição 3ª ed.
Língua da edição por
702 #1 - Nome de autor-pessoa física (responsabilidade secundária)
Número de registo de entrada de autoridade 0001775
Palavra de ordem Mari
Outra parte do nome não tomada para palavra de ordem Enzo
Datas 1932-
Código de função Ilustrador / Técnico de desenho computorizado
700 #1 - Nome de autor-pessoa física (responsabilidade principal)
Número de registo de entrada de autoridade 0001774
Palavra de ordem Mari
Outra parte do nome não tomada para palavra de ordem Iela
Elementos de identificação ou distinção pseud.
Datas 1931-2014
966 ## - Identificação da Biblioteca
Sigla EBVEN
942 ## - Elementos de entrada adicionados (Koha)
Tipo de item no Koha Livro
Exemplares
Situação do levantamento Origin of item (home branch) (coded) Biblioteca de empréstimo Código de barras Cota Circulation type (not for loan) Tipo de documento Nota do exemplar Damaged status
  Biblioteca Escolar das Vendas Biblioteca Escolar das Vendas BEV754 8EST MAR   Livro Sem mensagem